Object Oriented Programming With C++ / (Record no. 1101)

MARC details
000 -LEADER
Fixed length control field 00510nam a2200181 4500
003 - CONTROL NUMBER IDENTIFIER
Control field SEACOMMC
005 - DATE AND TIME OF LATEST TRANSACTION
Control field 20250505122445.0
008 - FIXED-LENGTH DATA ELEMENTS--GENERAL INFORMATION
Fixed length control field 250224b |||||||| |||| 00| 0 eng d
020 ## - INTERNATIONAL STANDARD BOOK NUMBER / ISBN
International Standard Book Number 978-12-5902-993-6
Price Rs.265.00
040 ## - CATALOGING SOURCE
Original cataloging agency SEACOMMC
082 ## - DEWEY DECIMAL CLASSIFICATION NUMBER
Classification number 005.133 C++
Book Number B 171
100 ## - MAIN ENTRY--PERSONAL NAME
Personal name Balaguruswamy, E.
245 1# - TITLE STATEMENT
Title Object Oriented Programming With C++ /
Statement of responsibility E. Balaguruswamy
250 ## - EDITION STATEMENT
Edition statement 4th ed.
260 ## - IMPRINT
Place of publication New Delhi
Name of publisher Tata McGraw Hill, 2015
Date of publication 1994
650 ## - SUBJECT ADDED ENTRY--TOPICAL TERM
Topical term Programming Language
942 ## - ADDED ENTRY ELEMENTS (KOHA)
Koha item type Books
Holdings
Withdrawn status Lost status Source of classification Damaged status Not for loan Home library Current library Shelving location Date acquired Total Checkouts Call number Accession number Date last seen Price effective from Koha item type Copy number
    Dewey Decimal Classification     SEACOM MANAGEMENT COLLEGE SEACOM MANAGEMENT COLLEGE Reference 24/02/2025   005.133 C++ B 171 M-2269 24/02/2025 24/02/2025 Books  
    Dewey Decimal Classification     SEACOM MANAGEMENT COLLEGE SEACOM MANAGEMENT COLLEGE   24/02/2025   005.133 C++ B 171 M-2270 24/02/2025 24/02/2025 Books 1
    Dewey Decimal Classification     SEACOM MANAGEMENT COLLEGE SEACOM MANAGEMENT COLLEGE   24/02/2025   005.133 C++ B 171 M-2271 24/02/2025 24/02/2025 Books 2
    Dewey Decimal Classification     SEACOM MANAGEMENT COLLEGE SEACOM MANAGEMENT COLLEGE   24/02/2025   005.133 C++ B 171 M-2272 24/02/2025 24/02/2025 Books 3
    Dewey Decimal Classification     SEACOM MANAGEMENT COLLEGE SEACOM MANAGEMENT COLLEGE   24/02/2025   005.133 C++ B 171 M-2273 24/02/2025 24/02/2025 Books 4
    Dewey Decimal Classification     SEACOM MANAGEMENT COLLEGE SEACOM MANAGEMENT COLLEGE   24/02/2025   005.133 C++ B 171 M-2274 24/02/2025 24/02/2025 Books 5
    Dewey Decimal Classification     SEACOM MANAGEMENT COLLEGE SEACOM MANAGEMENT COLLEGE   24/02/2025   005.133 C++ B 171 M-2275 24/02/2025 24/02/2025 Books 6
    Dewey Decimal Classification     SEACOM MANAGEMENT COLLEGE SEACOM MANAGEMENT COLLEGE   24/02/2025   005.133 C++ B 171 M-2276 24/02/2025 24/02/2025 Books 7
    Dewey Decimal Classification     SEACOM MANAGEMENT COLLEGE SEACOM MANAGEMENT COLLEGE   24/02/2025   005.133 C++ B 171 M-2277 24/02/2025 24/02/2025 Books 8
    Dewey Decimal Classification     SEACOM MANAGEMENT COLLEGE SEACOM MANAGEMENT COLLEGE   24/02/2025   005.133 C++ B 171 M-2278 24/02/2025 24/02/2025 Books 9
    Dewey Decimal Classification     SEACOM MANAGEMENT COLLEGE SEACOM MANAGEMENT COLLEGE   24/02/2025   005.133 C++ B 171 M-2279 24/02/2025 24/02/2025 Books 10
    Dewey Decimal Classification     SEACOM MANAGEMENT COLLEGE SEACOM MANAGEMENT COLLEGE   24/02/2025   005.133 C++ B 171 M-2280 24/02/2025 24/02/2025 Books 11
    Dewey Decimal Classification     SEACOM MANAGEMENT COLLEGE SEACOM MANAGEMENT COLLEGE   24/02/2025   005.133 C++ B 171 M-2281 24/02/2025 24/02/2025 Books 12
    Dewey Decimal Classification     SEACOM MANAGEMENT COLLEGE SEACOM MANAGEMENT COLLEGE   24/02/2025   005.133 C++ B 171 M-2282 24/02/2025 24/02/2025 Books 13
    Dewey Decimal Classification     SEACOM MANAGEMENT COLLEGE SEACOM MANAGEMENT COLLEGE   24/02/2025   005.133 C++ B 171 M-2283 24/02/2025 24/02/2025 Books 14
© Seacom Engineering College, All rights reserved.    Powered by Koha